LEADER 01254nam0-22003971i-450- 001 990002579280403321 005 20030916155039.0 035 $a000257928 035 $aFED01000257928 035 $a(Aleph)000257928FED01 035 $a000257928 100 $a20030910d1931----km-y0itay50------ba 101 0 $afre 200 1 $a9. Congres international d'actuaries, Stockholm 16-20 juin 1930. Compte rendus Actuaries 210 $aUppsala$cAlmquist & Wiksell$d1931 215 $a4v.$d24 cm 307 $a1.: 570 p. 307 $a2.: 565 p. 307 $a3.: 604 p. 307 $a4.: 498 p. 327 0 $a1.: Rapports A-B$a2.: Rapports C-E$a3.: Rapports F-H$a4.: Proces verbaux 610 0 $aAtti di convegni 610 0 $aMatematica attuariale 676 $a510 676 $a519 710 12$aCONGRES INTERNATIONAL D'ACTUARIES$d<9. ;$f1930 ;$eStockholm>$0368443 801 0$aIT$bUNINA$gRICA$2UNIMARC 901 $aBK 912 $a990002579280403321 952 $aMXXX-A-11$b8275$fMAS 952 $aMXXX-A-10$b8185$fMAS 952 $aMXXX-A-12$b8275a$fMAS 952 $aMXXX-A-21$b8718$fMAS 959 $aMAS 996 $a9. Congres international d'actuaries, Stockholm 16-20 juin 1930. Compte rendus Actuaries$9436100 997 $aUNINA LEADER 02036nam 2200637 a 450 001 9910453177803321 005 20210114070417.0 010 $a1-282-16184-9 010 $a9786612161841 010 $a90-272-9735-5 035 $a(CKB)1000000000550455 035 $a(OCoLC)70739441 035 $a(CaPaEBR)ebrary10022349 035 $a(SSID)ssj0000279126 035 $a(PQKBManifestationID)11211216 035 $a(PQKBTitleCode)TC0000279126 035 $a(PQKBWorkID)10259567 035 $a(PQKB)11091165 035 $a(MiAaPQ)EBC622516 035 $a(EXLCZ)991000000000550455 100 $a20150424d2002|||| s|| | 101 0 $aeng 181 $ctxt 182 $cc 183 $acr 200 10$aEnglish Discourse Particles. Evidence from a corpus$b[electronic resource] 210 $aPhiladelphia, PA, USA$cJohn Benjamins Publishing Company$d20020901 210 $cJohn Benjamins Publishing Company 215 $a1 online resource (315 p.) 225 0 $aStudies in corpus linguistics English discourse particles 300 $aBibliographic Level Mode of Issuance: Monograph 311 $a1-58811-284-5 311 $a90-272-2280-0 606 $aLANGUAGE ARTS & DISCIPLINES$2bisac 606 $aLinguistics / General$2bisac 606 $aEnglish language$xParticles 606 $aEnglish language$xDiscourse analysis 606 $aComputational linguistics 606 $aEnglish Language$2HILCC 606 $aEnglish$2HILCC 606 $aLanguages & Literatures$2HILCC 615 7$aLANGUAGE ARTS & DISCIPLINES 615 7$aLinguistics / General 615 0$aEnglish language$xParticles 615 0$aEnglish language$xDiscourse analysis 615 0$aComputational linguistics 615 7$aEnglish Language 615 7$aEnglish 615 7$aLanguages & Literatures 676 $a401/.41 700 $aAijmer$b Karin$0467035 801 0$bPQKB 906 $aBOOK 912 $a9910453177803321 996 $aEnglish discourse particles$91002934 997 $aUNINA